| 000 | 01010nam a22003138i 4500 | ||
|---|---|---|---|
| 001 | 016493975 | ||
| 003 | EG-ScBUE | ||
| 005 | 20220209132610.0 | ||
| 008 | 130708s2014 enk f 000 f eng d | ||
| 020 | _a9780007582891 | ||
| 040 |
_aStDuBDS _beng _erda _cStDuBDS _dEG-ScBUE |
||
| 082 | 0 | 4 |
_a823.0876 _222 _bROT |
| 100 | 1 |
_aRoth, Veronica, _eauthor. _936274 |
|
| 245 | 1 | 0 |
_aFour : _ba divergent collection / _cVeronica Roth. |
| 264 | 1 |
_aLondon : _bHarperCollins Publishers, _c2014. |
|
| 300 |
_a285 pages ; _c20 cm. |
||
| 336 |
_2rdacontent _atext _btxt |
||
| 337 |
_2rdamedia _aunmediated _bn |
||
| 338 |
_2rdacarrier _avolume _bnc |
||
| 490 | 1 | _aDivergent series | |
| 500 | _aNo. 1 New York Times bestselling author Veronica Roth. | ||
| 650 | 7 |
_aScience fiction. _936278 _2BUEsh |
|
| 650 | 7 |
_aSocial classes _vFiction. _936276 _2BUEsh |
|
| 650 | 7 |
_aCourage _vFiction. _936277 _2BUEsh |
|
| 651 | _2BUEsh | ||
| 653 |
_cOctober2014 _bHHUUEENN |
||
| 655 |
_vReading book _934232 |
||
| 942 |
_2ddc _k823.0876 ROT _cBB |
||
| 999 |
_c18477 _d18449 |
||